[Event "BL 8990 Regensburg-Zehlendorf"]
[Site "?"]
[Date "1989.??.??"]
[Round "?.5"]
[White "Loeffler, S."]
[Black "Rother, C."]
[Result "1/2-1/2"]
[WhiteElo "2305"]
[BlackElo "2360"]
[PlyCount "125"]
[EventDate "1989.??.??"]

1. d4 g6 2. Nf3 Bg7 3. c4 c5 4. d5 f5 5. Nc3 Nf6 6. e3 O-O 7. Be2 Na6 8. O-O
Nc7 9. Rb1 Nce8 10. b4 b6 11. bxc5 bxc5 12. Qa4 Nd6 13. Nd2 Nf7 14. Bb2 d6 15.
f4 Bd7 16. Qc2 Re8 17. e4 e5 18. dxe6 Bxe6 19. Bf3 Rb8 20. Rfd1 Rb4 21. a3 Rb8
22. Nb5 a6 23. Nxd6 Rxb2 24. Qxb2 Nxe4 25. Nxf7 Bxb2 26. Nxd8 Bd4+ 27. Kf1
Nxd2+ 28. Rxd2 Bxc4+ 29. Be2 Bxe2+ 30. Rxe2 Rxd8 31. Rb6 c4 32. Rxa6 c3 33. Rc6
Rb8 34. Rc7 Kf8 35. Rc2 Rb3 36. a4 Ra3 37. Rc4 Bf6 38. Ke2 Ra1 39. Rc7 Rxa4 40.
Kf3 Rb4 41. Rxh7 Bg7 42. Rxg7 Kxg7 43. Rxc3 Ra4 44. h3 Rb4 45. g4 fxg4+ 46.
hxg4 Ra4 47. Rc7+ Kg8 48. Rd7 Rb4 49. Rd5 Kf7 50. Ke3 Ra4 51. Rd4 Ra1 52. Ke4
Rg1 53. g5 Ke6 54. Rd3 Ra1 55. Rb3 Ra4+ 56. Kf3 Kf7 57. Rb7+ Kg8 58. Rd7 Rb4
59. Ke3 Ra4 60. Rd4 Ra1 61. Ke4 Re1+ 62. Kd5 Kf7 63. Kd6 1/2-1/2

[Event "BL 8990 Regensburg-Zehlendorf"]
[Site "?"]
[Date "1989.??.??"]
[Round "?.6"]
[White "Jell, K."]
[Black "Lieb, H."]
[Result "1/2-1/2"]
[WhiteElo "2240"]
[BlackElo "2250"]
[PlyCount "89"]
[EventDate "1989.??.??"]

1. e4 e6 2. d3 d5 3. Nd2 Nf6 4. Ngf3 Bc5 5. Nb3 Be7 6. e5 Nfd7 7. g3 c5 8. Bg2
b6 9. O-O Nc6 10. Re1 Qc7 11. Bf4 h6 12. h4 Bb7 13. c3 a5 14. d4 a4 15. Nc1 a3
16. b3 cxd4 17. cxd4 Nb4 18. Nd3 Nxd3 19. Qxd3 Ba6 20. Qe3 Nb8 21. Rec1 Nc6 22.
Bf1 Bxf1 23. Kxf1 Qb7 24. h5 Kd7 25. Qe2 Qa6 26. Qxa6 Rxa6 27. Be3 Rc8 28. Ne1
Nb4 29. Rxc8 Kxc8 30. Nc2 Nc6 31. Ke2 Kd7 32. Kd3 Na7 33. Bd2 Nb5 34. Nb4 Ra7
35. Rc1 Ra8 36. Nc6 Bf8 37. Bb4 Rc8 38. Bxf8 Rxf8 39. Nb4 Rc8 40. Rxc8 Kxc8 41.
Nc2 Kd7 42. Ne3 Kc6 43. Nc2 Kd7 44. Ne3 Kc6 45. Nc2 1/2-1/2

[Event "BL 8990 Regensburg-Zehlendorf"]
[Site "?"]
[Date "1989.??.??"]
[Round "?.8"]
[White "Muehl, T."]
[Black "Von Herman, U."]
[Result "0-1"]
[WhiteElo "2280"]
[BlackElo "2245"]
[PlyCount "122"]
[EventDate "1989.??.??"]

1. Nf3 Nf6 2. g3 g6 3. Bg2 Bg7 4. O-O O-O 5. d3 c5 6. Nbd2 Nc6 7. e4 d6 8. c3
Ne8 9. Ne1 Nc7 10. f4 f5 11. Ndf3 Rb8 12. Ng5 e6 13. Be3 h6 14. Nh3 Qe8 15. Nf3
b6 16. Qd2 Bb7 17. Rae1 Qd7 18. Nh4 Ne7 19. Qc2 Bc6 20. Nf2 Rf7 21. Bh3 Kh7 22.
Bc1 Bf6 23. Nf3 Rg8 24. Qe2 Qc8 25. Bg2 Qb7 26. h4 a5 27. g4 fxg4 28. Nxg4 Bg7
29. Nf2 Rgf8 30. Nh3 Ne8 31. Nh2 Nf6 32. Rf2 b5 33. Bf3 a4 34. Rg2 b4 35. c4 b3
36. a3 Qc8 37. h5 Be8 38. hxg6+ Nxg6 39. Rxg6 Kxg6 40. e5 dxe5 41. fxe5 Nd7 42.
Be4+ Rf5 43. Nf4+ Kh7 44. Nxe6 Kh8 45. Bxf5 Rxf5 46. Qg2 Rf7 47. Rf1 Re7 48.
Nf4 Nxe5 49. Nd5 Re6 50. Kh1 Nxd3 51. Bd2 Bg6 52. Bc3 Qg8 53. Bxg7+ Qxg7 54.
Nc3 Be4 55. Nxe4 Qxg2+ 56. Kxg2 Rxe4 57. Rf7 Nxb2 58. Kf3 Re6 59. Ng4 Nxc4 60.
Kf4 b2 61. Nf6 Rxf6+ 0-1

[Event "BL 8990 Bamberg-Lasker"]
[Site "?"]
[Date "1989.??.??"]
[Round "?.2"]
[White "Pfleger, He"]
[Black "Fries Nielsen, J."]
[Result "1-0"]
[WhiteElo "2505"]
[BlackElo "2425"]
[PlyCount "83"]
[EventDate "1989.??.??"]

1. c4 Nf6 2. Nc3 c5 3. g3 d5 4. cxd5 Nxd5 5. Bg2 Nc7 6. d3 e5 7. Nf3 Nc6 8. O-O
Be7 9. Be3 O-O 10. Rc1 Be6 11. a3 f6 12. Na4 b6 13. b4 Nd4 14. Nd2 cxb4 15.
Bxd4 exd4 16. Bxa8 Nxa8 17. axb4 Bxb4 18. Nf3 Qd6 19. e3 dxe3 20. fxe3 b5 21.
Nc3 Bxc3 22. Rxc3 Nb6 23. Nd4 Qe5 24. Qc1 Bh3 25. Re1 Qd5 26. Qc2 a6 27. Rc5
Qd8 28. Qa2+ Kh8 29. Qxa6 Nd7 30. Rh5 Bg4 31. Rd5 Qe7 32. Rxb5 Ne5 33. Rb7 Qd8
34. Ra7 h5 35. Qb7 Bd7 36. Re2 Rg8 37. Qe4 Bg4 38. Rc2 Qb8 39. Qb7 Qe8 40. Rd2
h4 41. Qe4 h3 42. Ra5 1-0

[Event "BL 8990 Bamberg-Lasker"]
[Site "?"]
[Date "1989.??.??"]
[Round "?.5"]
[White "Maxion, D."]
[Black "Goehring, K."]
[Result "1/2-1/2"]
[WhiteElo "2210"]
[BlackElo "2310"]
[PlyCount "83"]
[EventDate "1989.??.??"]

1. e4 e5 2. Nf3 Nc6 3. Bb5 a6 4. Ba4 Nf6 5. O-O Be7 6. Re1 b5 7. Bb3 d6 8. c3
O-O 9. h3 Nd7 10. d4 Nb6 11. Nbd2 Bf6 12. Nf1 Re8 13. Ng3 g6 14. Bh6 a5 15.
dxe5 dxe5 16. Qe2 a4 17. Rad1 Bd7 18. Bc2 Qe7 19. Nf1 a3 20. b3 b4 21. cxb4
Nxb4 22. Bb1 c5 23. Rc1 Nc6 24. Bd3 Nd4 25. Nxd4 cxd4 26. Rc7 Qd6 27. Rc2 Rec8
28. Rec1 Rxc2 29. Rxc2 Rc8 30. Bc1 Be7 31. Nh2 Be6 32. Nf3 Rc7 33. Ne1 Rxc2 34.
Nxc2 Qc7 35. Kh2 Qa7 36. g3 Nd7 37. b4 Bxa2 38. Nxa3 Be6 39. Nc2 Nb6 40. Kg2
Qa4 41. Bd2 Qb3 42. Be1 1/2-1/2

[Event "BL 8990 Bamberg-Lasker"]
[Site "?"]
[Date "1989.??.??"]
[Round "?.6"]
[White "Hartmann, G."]
[Black "Meier, V."]
[Result "1/2-1/2"]
[WhiteElo "2275"]
[BlackElo "2240"]
[PlyCount "83"]
[EventDate "1989.??.??"]

1. e4 e6 2. d4 d5 3. Nc3 Nf6 4. e5 Nfd7 5. f4 c5 6. Nf3 Nc6 7. Be3 cxd4 8. Nxd4
Bc5 9. Qd2 O-O 10. O-O-O a6 11. h4 Bxd4 12. Bxd4 b5 13. h5 b4 14. Na4 a5 15.
Bf2 Qc7 16. Kb1 Ba6 17. Bxa6 Rxa6 18. Rh3 Ne7 19. g4 Rc6 20. Bd4 Rc8 21. Rh2
Rc4 22. b3 Rc6 23. Rf1 Rf8 24. f5 f6 25. h6 g6 26. exf6 Nxf6 27. fxg6 e5 28.
gxh7+ Kxh7 29. Qd3+ Ng6 30. Rhf2 exd4 31. g5 Qe5 32. gxf6 Rcxf6 33. Rg1 Qe4 34.
Rd2 Qxd3 35. Rxd3 Rf1+ 36. Rxf1 Rxf1+ 37. Kb2 Rf4 38. Nb6 Ne5 39. Rd2 Kxh6 40.
Nxd5 Re4 41. a3 d3 42. axb4 1/2-1/2

[Event "BL 8990 Bamberg-Lasker"]
[Site "?"]
[Date "1989.??.??"]
[Round "?.8"]
[White "Kestler, H."]
[Black "Holzapfel, D."]
[Result "1/2-1/2"]
[WhiteElo "2355"]
[BlackElo "2275"]
[PlyCount "34"]
[EventDate "1989.??.??"]

1. e4 c6 2. c4 d5 3. exd5 cxd5 4. d4 Nf6 5. Nc3 Nc6 6. Nf3 Bg4 7. cxd5 Nxd5 8.
Bb5 Rc8 9. h3 Bxf3 10. Qxf3 e6 11. O-O Be7 12. Nxd5 Qxd5 13. Qxd5 exd5 14. Be3
Bd6 15. Rac1 Kd7 16. Rc3 a6 17. Bd3 Ne7 1/2-1/2

[Event "BL 8990 Zehlendorf-Bamberg"]
[Site "?"]
[Date "1989.??.??"]
[Round "?.2"]
[White "Wockenfuss, K."]
[Black "Pfleger, He"]
[Result "1/2-1/2"]
[WhiteElo "2405"]
[BlackElo "2505"]
[PlyCount "81"]
[EventDate "1989.??.??"]

1. e4 d6 2. d4 Nf6 3. Nc3 g6 4. f4 Bg7 5. Nf3 O-O 6. Bd3 Nc6 7. O-O Bg4 8. e5
dxe5 9. dxe5 Nd5 10. h3 Nxc3 11. bxc3 Bf5 12. Be3 Qd7 13. Qe2 Rfd8 14. Rad1
Bxd3 15. cxd3 b5 16. d4 e6 17. Ng5 Ne7 18. Ne4 Nd5 19. Bd2 Qc6 20. g4 Qc4 21.
Qxc4 bxc4 22. f5 Rab8 23. fxe6 fxe6 24. Nc5 Rb6 25. a4 Bf8 26. a5 Rc6 27. Ne4
Ra6 28. Ra1 Rb8 29. Ra4 Rc6 30. Raa1 Be7 31. Rfb1 Rxb1+ 32. Rxb1 Ra6 33. Ra1
Kf7 34. Ra4 Ke8 35. g5 Kd7 36. Nf6+ Kc6 37. Ra1 Kb5 38. Rb1+ Kc6 39. Ra1 Kb5
40. Rb1+ Kc6 41. Ra1 1/2-1/2

[Event "BL 8990 Zehlendorf-Bamberg"]
[Site "?"]
[Date "1989.??.??"]
[Round "?.3"]
[White "Meister, P."]
[Black "Cladouras, P."]
[Result "1-0"]
[WhiteElo "2425"]
[BlackElo "2425"]
[PlyCount "85"]
[EventDate "1989.??.??"]

1. d4 Nf6 2. c4 e6 3. Nf3 d5 4. Nc3 Be7 5. Bg5 O-O 6. e3 Nbd7 7. Qc2 a6 8. a3
dxc4 9. Bxc4 b5 10. Ba2 Bb7 11. O-O c5 12. Rfd1 b4 13. axb4 cxb4 14. Ne2 Rc8
15. Qd3 Qb6 16. Ng3 a5 17. e4 Ba6 18. Qe3 h6 19. Bh4 Ng4 20. Qf4 Bxh4 21. Nxh4
Ngf6 22. e5 Nh7 23. Qg4 Rc2 24. f4 Kh8 25. Nh5 g5 26. fxg5 Nxg5 27. Qf4 Rg8 28.
Ng3 Bb7 29. Kh1 Rxb2 30. Qg4 Qc6 31. d5 Nxe5 32. Qd4 Qc3 33. Qb6 Rxa2 34. Rxa2
Bxd5 35. Rf2 Ng4 36. Re2 Nh3 37. Red2 Nxh2 38. Rd3 Qc2 39. Kxh2 Nf4 40. Qd4+
Kh7 41. Qxf4 f5 42. Rxd5 exd5 43. Rxd5 1-0

[Event "BL 8990 Zehlendorf-Bamberg"]
[Site "?"]
[Date "1989.??.??"]
[Round "?.4"]
[White "Pritchett, C."]
[Black "Kurz, A."]
[Result "0-1"]
[WhiteElo "2360"]
[BlackElo "2285"]
[PlyCount "78"]
[EventDate "1989.??.??"]

1. Nf3 Nf6 2. c4 g6 3. Nc3 Bg7 4. e4 d6 5. d4 O-O 6. Be2 e5 7. Be3 h6 8. O-O
Ng4 9. Bc1 Nc6 10. d5 Ne7 11. Ne1 f5 12. Bxg4 fxg4 13. Nd3 g5 14. Be3 Bd7 15.
c5 Ng6 16. Rc1 Nf4 17. a4 Qe8 18. b4 a6 19. Nb2 Qg6 20. Nc4 h5 21. cxd6 cxd6
22. Nb6 Rad8 23. Qc2 Be8 24. Qd1 Qh7 25. Re1 Bg6 26. Qc2 Rf7 27. Bd2 Rdf8 28.
Nd1 h4 29. Qc4 g3 30. Bxf4 exf4 31. f3 h3 32. Rc2 g4 33. fxg4 hxg2 34. Rxg2 f3
35. Rxg3 f2+ 36. Nxf2 Rxf2 37. h3 Be5 38. Rge3 Qh6 39. Nd7 Qf4 0-1

[Event "BL 8990 Zehlendorf-Bamberg"]
[Site "?"]
[Date "1989.??.??"]
[Round "?.5"]
[White "Goehring, K."]
[Black "Loeffler, S."]
[Result "1/2-1/2"]
[WhiteElo "2310"]
[BlackElo "2305"]
[PlyCount "85"]
[EventDate "1989.??.??"]

1. d4 Nf6 2. c4 c5 3. d5 g6 4. Nc3 d6 5. e4 Bg7 6. Nf3 e6 7. Be2 O-O 8. O-O Re8
9. Nd2 Na6 10. Qc2 Bd7 11. a3 Rc8 12. h3 Nc7 13. Nf3 exd5 14. exd5 b5 15. cxb5
Ncxd5 16. Nxd5 Nxd5 17. Rd1 Nf6 18. Bf4 Bf5 19. Bd3 Ne4 20. Re1 d5 21. Ng5 Be5
22. Bxe4 dxe4 23. Bxe5 Rxe5 24. Qc3 Re8 25. h4 h6 26. Rad1 Qe7 27. Nf3 Bg4 28.
Rd5 Bxf3 29. gxf3 Qxh4 30. Rxe4 Rxe4 31. fxe4 Qxe4 32. Rxc5 Rd8 33. Kh2 Qh4+
34. Kg2 Kh7 35. Rc7 Qg4+ 36. Qg3 Qf5 37. Qf3 Qg5+ 38. Qg3 Qd5+ 39. Qf3 Qg5+ 40.
Kh2 Qh4+ 41. Kg2 Qg5+ 42. Qg3 Qd5+ 43. Qf3 1/2-1/2

[Event "BL 8990 Zehlendorf-Bamberg"]
[Site "?"]
[Date "1989.??.??"]
[Round "?.6"]
[White "Lieb, H."]
[Black "Hartmann, G."]
[Result "1-0"]
[WhiteElo "2250"]
[BlackElo "2275"]
[PlyCount "69"]
[EventDate "1989.??.??"]

1. d4 Nf6 2. c4 g6 3. Nc3 Bg7 4. Nf3 O-O 5. g3 c5 6. d5 d6 7. Bg2 e6 8. O-O
exd5 9. cxd5 Re8 10. a4 Ne4 11. Nxe4 Rxe4 12. Nd2 Rb4 13. Ra2 Nd7 14. b3 Ne5
15. Ba3 Rd4 16. Bb2 Rb4 17. Qa1 g5 18. Bc3 g4 19. f4 gxf3 20. exf3 c4 21. bxc4
Bf5 22. f4 Qb6+ 23. Kh1 Ng4 24. Bxg7 Nf2+ 25. Rxf2 Qxf2 26. Bd4 Qe2 27. h3 Re8
28. Kh2 h5 29. Bh8 f6 30. Qxf6 Re7 31. Ne4 Qxa2 32. Qxe7 Kxh8 33. Qf8+ Kh7 34.
Qxf5+ Kg7 35. Qf6+ 1-0

[Event "BL 8990 Zehlendorf-Bamberg"]
[Site "?"]
[Date "1989.??.??"]
[Round "?.8"]
[White "Von Herman, U."]
[Black "Kestler, H."]
[Result "1/2-1/2"]
[WhiteElo "2245"]
[BlackElo "2355"]
[PlyCount "45"]
[EventDate "1989.??.??"]

1. d4 Nf6 2. c4 d6 3. Nc3 e5 4. Nf3 Nc6 5. Bg5 Be7 6. e3 O-O 7. Be2 Bf5 8. O-O
Re8 9. Re1 h6 10. Bh4 Bh7 11. a3 exd4 12. exd4 Ne4 13. Bxe7 Nxe7 14. Bd3 Nxc3
15. Bxh7+ Kxh7 16. Qd3+ Kg8 17. Qxc3 Qd7 18. Re4 Nf5 19. Rae1 Rxe4 20. Rxe4 Re8
21. Qe1 Rxe4 22. Qxe4 c6 23. h3 1/2-1/2

[Event "BL 8990 Lasker-Regensburg"]
[Site "?"]
[Date "1989.??.??"]
[Round "?.1"]
[White "Meduna, E."]
[Black "Brunner, L."]
[Result "1-0"]
[WhiteElo "2475"]
[BlackElo "2505"]
[PlyCount "63"]
[EventDate "1989.??.??"]

1. d4 e6 2. Nf3 Nf6 3. Bg5 c5 4. c3 Be7 5. Nbd2 b6 6. e4 O-O 7. Bd3 Ba6 8. Bxa6
Nxa6 9. O-O d6 10. Qe2 Nc7 11. Rad1 Nh5 12. Be3 Qc8 13. dxc5 bxc5 14. e5 Nd5
15. exd6 Bxd6 16. Ne4 Be7 17. Ne5 Nhf6 18. Bc1 Qc7 19. Nxf6+ Bxf6 20. Ng4 Be7
21. c4 Nb4 22. b3 Rad8 23. Bb2 Qf4 24. Ne5 Rxd1 25. Rxd1 Nxa2 26. Nc6 Bg5 27.
Be5 Nc1 28. Qh5 Qe4 29. Qxg5 Ne2+ 30. Kf1 f6 31. Bxf6 Rxf6 32. Rd8+ 1-0

[Event "BL 8990 Lasker-Regensburg"]
[Site "?"]
[Date "1989.??.??"]
[Round "?.2"]
[White "Fries Nielsen, J."]
[Black "Gross, S."]
[Result "1-0"]
[WhiteElo "2425"]
[BlackElo "2435"]
[PlyCount "71"]
[EventDate "1989.??.??"]

1. e4 c5 2. Nf3 d6 3. c3 Nf6 4. Be2 Nbd7 5. d3 b6 6. O-O Bb7 7. Nbd2 e6 8. Re1
Be7 9. Bf1 O-O 10. d4 cxd4 11. cxd4 Qc7 12. Bd3 Rfd8 13. Nf1 d5 14. e5 Ne4 15.
Ng3 f5 16. exf6 Ndxf6 17. Ng5 Qd6 18. f3 Nxg5 19. Bxg5 h6 20. Bd2 Nd7 21. Qe2
Bf6 22. Bc3 Re8 23. Nh5 e5 24. Nxf6+ gxf6 25. Bg6 Re7 26. Qd2 Kg7 27. Bh5 a5
28. Re3 Kh7 29. Rae1 Rg8 30. Bg4 Reg7 31. Bf5+ Kh8 32. R3e2 Rg5 33. h4 Rh5 34.
dxe5 fxe5 35. Rxe5 Rxh4 36. Re7+ 1-0

[Event "BL 8990 Lasker-Regensburg"]
[Site "?"]
[Date "1989.??.??"]
[Round "?.3"]
[White "Speckner, R."]
[Black "Muse, M."]
[Result "1/2-1/2"]
[WhiteElo "2235"]
[BlackElo "2415"]
[PlyCount "76"]
[EventDate "1989.??.??"]

1. e4 c5 2. Nf3 Nc6 3. d4 cxd4 4. Nxd4 Nf6 5. Nc3 e5 6. Ndb5 d6 7. Bg5 a6 8.
Na3 b5 9. Bxf6 gxf6 10. Nd5 Bg7 11. Qh5 Ne7 12. Nxe7 Qxe7 13. c3 f5 14. exf5 b4
15. cxb4 e4 16. Nc4 d5 17. f6 Qxb4+ 18. Nd2 Bxf6 19. Qxd5 Bb7 20. Qc4 Qa5 21.
Be2 O-O 22. Rd1 Rfd8 23. b4 Qg5 24. Nxe4 Rxd1+ 25. Kxd1 Rd8+ 26. Bd3 Bd5 27.
Qxd5 Rxd5 28. Nxg5 Rxd3+ 29. Ke2 Ra3 30. Ne4 Rxa2+ 31. Kd3 Be7 32. Rb1 f5 33.
Nc5 a5 34. Na6 axb4 35. Nxb4 Rxf2 36. Nd5 Bg5 37. Ne3 Bxe3 38. Kxe3 Rxg2
1/2-1/2

[Event "BL 8990 Lasker-Regensburg"]
[Site "?"]
[Date "1989.??.??"]
[Round "?.4"]
[White "Lehmann, K."]
[Black "Mandl, Ro"]
[Result "1/2-1/2"]
[WhiteElo "2305"]
[BlackElo "2285"]
[PlyCount "120"]
[EventDate "1989.??.??"]

1. e4 e5 2. Nf3 Nc6 3. Bb5 g6 4. d4 exd4 5. Bg5 Be7 6. Bf4 d6 7. Nxd4 Bd7 8.
Nxc6 bxc6 9. Ba4 Bg5 10. Bg3 Qb8 11. Bb3 Ne7 12. O-O O-O 13. Nc3 Qe8 14. Re1
Nc8 15. Qd3 Nb6 16. Rad1 Be6 17. Qa6 Qc8 18. Qd3 Re8 19. h3 Nd7 20. Bxe6 Rxe6
21. f4 Bh6 22. Qc4 Qb7 23. b3 Rae8 24. e5 Nb6 25. Qf1 d5 26. Kh2 Qc8 27. Qf3
Bg7 28. Bf2 f6 29. exf6 Rxe1 30. Rxe1 Rxe1 31. Bxe1 Bxf6 32. Ne2 Qe6 33. Bf2
Nc8 34. Nd4 Qe8 35. Ne2 Qe6 36. Bd4 Nb6 37. Qc3 Be7 38. Be5 c5 39. Ng3 Bd6 40.
Bxd6 Qxd6 41. Qe3 Kf7 42. Qf3 Nd7 43. Kg1 Nf6 44. Nf1 Qe7 45. Ne3 c6 46. Ng4
Nxg4 47. Qxg4 c4 48. Kh2 c3 49. Qg3 Qf6 50. Qe3 c5 51. Kg3 Qd4 52. Qe2 a5 53.
a4 h5 54. Kf3 Kf6 55. Qe8 Qd1+ 56. Kg3 Qxc2 57. Qe5+ Kf7 58. Qxd5+ Kg7 59. Kf3
Qc1 60. Qe5+ Kf7 1/2-1/2

[Event "BL 8990 Lasker-Regensburg"]
[Site "?"]
[Date "1989.??.??"]
[Round "?.5"]
[White "Rother, C."]
[Black "Maxion, D."]
[Result "1-0"]
[WhiteElo "2360"]
[BlackElo "2210"]
[PlyCount "114"]
[EventDate "1989.??.??"]

1. e4 c5 2. Nf3 d6 3. d4 cxd4 4. Nxd4 Nf6 5. Nc3 e6 6. Be3 a6 7. Qd2 b5 8. a3
Bb7 9. f3 Nbd7 10. O-O-O Rc8 11. g4 Nb6 12. Kb1 Nfd7 13. Bg5 Qc7 14. Bd3 Ne5
15. Nce2 h6 16. Bh4 Nec4 17. Bxc4 Nxc4 18. Qd3 Ne5 19. Qb3 Qc4 20. Qxc4 Rxc4
21. Bg3 Nxf3 22. Nxf3 Bxe4 23. Rd3 Bxd3 24. cxd3 Rc8 25. Nc3 Be7 26. Rf1 O-O
27. d4 Rfd8 28. Be1 Rd7 29. Ne4 Ra8 30. Bd2 Rc8 31. h4 Rdd8 32. Bb4 Bf8 33. g5
hxg5 34. Nfxg5 Rd7 35. Rg1 Kh8 36. h5 Rc4 37. Nf3 Rc8 38. h6 g6 39. d5 e5 40.
Nf6 Rdc7 41. Ng5 Bxh6 42. Nge4 Rc1+ 43. Rxc1 Rxc1+ 44. Ka2 Be3 45. Bxd6 Bd4 46.
Bf8 Rc8 47. Bb4 Kg7 48. Kb3 Rh8 49. d6 Rh3+ 50. Kc2 Rh2+ 51. Kd1 Rh1+ 52. Ke2
Rh2+ 53. Kf1 Rxb2 54. d7 Bb6 55. Bc3 Rb3 56. Bxe5 Kh6 57. Bd6 Bd8 1-0

[Event "BL 8990 Lasker-Regensburg"]
[Site "?"]
[Date "1989.??.??"]
[Round "?.8"]
[White "Holzapfel, D."]
[Black "Muehl, T."]
[Result "1/2-1/2"]
[WhiteElo "2275"]
[BlackElo "2280"]
[PlyCount "41"]
[EventDate "1989.??.??"]

1. d4 e6 2. c4 f5 3. Nc3 Nf6 4. e3 c6 5. Bd3 d5 6. f4 Be7 7. Nf3 O-O 8. O-O Qe8
9. Ne5 Nbd7 10. cxd5 cxd5 11. Bd2 a6 12. a4 Ne4 13. Nxe4 fxe4 14. Be2 Nxe5 15.
fxe5 Rxf1+ 16. Bxf1 Bd7 17. b3 Rc8 18. Rc1 Ba3 19. Rxc8 Qxc8 20. b4 Qc6 21. b5
1/2-1/2

[Event "BL 8990 Koblenz-Dortmund"]
[Site "?"]
[Date "1989.??.??"]
[Round "?.1"]
[White "Schmittdiel, E."]
[Black "Seul, G."]
[Result "1-0"]
[WhiteElo "2435"]
[BlackElo "2355"]
[PlyCount "75"]
[EventDate "1989.??.??"]

1. Nf3 d6 2. d4 Bg4 3. e4 Nf6 4. h3 Bh5 5. Nc3 e6 6. Be2 Be7 7. Be3 O-O 8. d5
e5 9. Qd3 Bxf3 10. Bxf3 Nbd7 11. O-O Ne8 12. Qd2 g6 13. Be2 Ng7 14. Bh6 f5 15.
exf5 gxf5 16. f4 Bf6 17. fxe5 Bxe5 18. Bg5 Qe8 19. Nb5 Nc5 20. Nxc7 Qg6 21. Bf3
Rac8 22. Ne6 Ngxe6 23. dxe6 Nxe6 24. Bd5 Kh8 25. Bxe6 Qxe6 26. c3 Rc7 27. Rae1
Rg8 28. Re2 Rcg7 29. Bf4 Qxa2 30. Qd3 Qe6 31. Bxe5 dxe5 32. Qxf5 Qd5 33. Rff2
Re8 34. Re4 Qe6 35. Qh5 Rge7 36. Rf5 Qg6 37. Qf3 Kg8 38. Rg4 1-0

[Event "BL 8990 Koblenz-Dortmund"]
[Site "?"]
[Date "1989.??.??"]
[Round "?.2"]
[White "Wolf, V."]
[Black "Mainka, R."]
[Result "0-1"]
[WhiteElo "2340"]
[BlackElo "2450"]
[PlyCount "108"]
[EventDate "1989.??.??"]

1. Nf3 c5 2. c3 Nf6 3. d4 e6 4. Bg5 cxd4 5. cxd4 Qa5+ 6. Bd2 Qb6 7. Nc3 Nc6 8.
e3 d5 9. a3 Bd6 10. Be2 O-O 11. O-O e5 12. dxe5 Nxe5 13. Na4 Qc7 14. Nxe5 Bxe5
15. h3 Rd8 16. Bc3 Ne4 17. Rc1 Nxc3 18. Nxc3 Qa5 19. Bf3 Be6 20. Qe2 Rac8 21.
Nb5 Bd7 22. a4 Qxa4 23. Nc3 Bxc3 24. bxc3 Bb5 25. Qd1 Qa3 26. Re1 Rxc3 27. Bxd5
Rxc1 28. Qxc1 Qxc1 29. Rxc1 b6 30. e4 Be8 31. Rc7 a5 32. Kf1 Rb8 33. Ra7 a4 34.
Ke1 b5 35. Kd2 b4 36. Kc2 Kf8 37. Kb2 Rb6 38. Ra8 Ke7 39. Ra7+ Kd6 40. Ra8 Ke7
41. Ra7+ Kd6 42. Bxf7 a3+ 43. Kb1 Bxf7 44. Rxf7 Kc5 45. Rc7+ Kd4 46. f3 Ra6 47.
Rc1 b3 48. g3 Kd3 49. e5 a2+ 50. Ka1 Kd2 51. Rh1 Kc2 52. Rh2+ Kc3 53. f4 Rb6
54. Rb2 Rb4 0-1

[Event "BL 8990 Koblenz-Dortmund"]
[Site "?"]
[Date "1989.??.??"]
[Round "?.3"]
[White "Keitlinghaus, L."]
[Black "Schulz, KJ."]
[Result "1-0"]
[WhiteElo "2405"]
[BlackElo "2350"]
[PlyCount "55"]
[EventDate "1989.??.??"]

1. Nf3 Nf6 2. c4 c5 3. Nc3 Nc6 4. g3 d5 5. d4 dxc4 6. d5 Nb4 7. e4 Nd3+ 8. Bxd3
cxd3 9. Qxd3 e6 10. O-O exd5 11. exd5 Bd6 12. Re1+ Kf8 13. Ne5 Kg8 14. Bg5 h6
15. Bxf6 Qxf6 16. Ne4 Qd8 17. Nc4 Bf8 18. a4 Bf5 19. d6 b6 20. Rad1 g6 21. d7
Bg7 22. Qd5 Kh7 23. Ne5 Bxe4 24. Rxe4 Bxe5 25. Rxe5 Qf6 26. Rde1 Rad8 27. Re8
Rhxe8 28. dxe8=N 1-0

[Event "BL 8990 Koblenz-Dortmund"]
[Site "?"]
[Date "1989.??.??"]
[Round "?.5"]
[White "Thesing, M."]
[Black "Brueckner, T."]
[Result "1/2-1/2"]
[WhiteElo "2370"]
[BlackElo "2410"]
[PlyCount "27"]
[EventDate "1989.??.??"]

1. d4 d6 2. e4 g6 3. Nf3 Bg7 4. c3 Nf6 5. Qc2 O-O 6. Be2 Nc6 7. O-O e5 8. dxe5
Nxe5 9. Nxe5 dxe5 10. Bg5 Qe7 11. Nd2 b6 12. Nc4 Bb7 13. Ne3 h6 14. Bxf6
1/2-1/2

[Event "BL 8990 Koblenz-Dortmund"]
[Site "?"]
[Date "1989.??.??"]
[Round "?.6"]
[White "Schlick, V."]
[Black "Finegold, B."]
[Result "1/2-1/2"]
[WhiteElo "2295"]
[BlackElo "2375"]
[PlyCount "111"]
[EventDate "1989.??.??"]

1. g3 d5 2. Bg2 e5 3. c4 d4 4. d3 Nf6 5. Na3 Be7 6. Nc2 Nc6 7. Nf3 a5 8. O-O
O-O 9. e3 dxe3 10. Nxe3 h6 11. b3 Re8 12. Bb2 Bf8 13. d4 exd4 14. Nxd4 Nxd4 15.
Qxd4 Qxd4 16. Bxd4 c6 17. a4 Nd7 18. Rab1 Bc5 19. Nf5 Bxd4 20. Nxd4 Nc5 21. h3
g6 22. Rfd1 Bf5 23. Nxf5 gxf5 24. Bf3 Rad8 25. Kf1 Kg7 26. b4 axb4 27. Rxb4
Rxd1+ 28. Bxd1 Nd3 29. Rb1 Re1+ 30. Kg2 Kf6 31. a5 Ne5 32. Rc1 Nxc4 33. Rxc4
Rxd1 34. a6 bxa6 35. Rxc6+ Kg7 36. Rxa6 Rd3 37. Rb6 Rc3 38. Rb8 Rd3 39. Re8 Kf6
40. Ra8 Rd6 41. Ra3 Kg6 42. Kf3 Rb6 43. Rd3 Ra6 44. Rd4 Rb6 45. Kf4 Kf6 46. h4
Ra6 47. Rd8 Rb6 48. Rg8 Rb4+ 49. Kf3 Rb6 50. Ke3 Rb3+ 51. Kf4 Rb2 52. Kf3 Rb6
53. Kg2 Ra6 54. Kh3 Ra2 55. Kg2 Ra6 56. Kf3 1/2-1/2

[Event "BL 8990 Koblenz-Dortmund"]
[Site "?"]
[Date "1989.??.??"]
[Round "?.7"]
[White "Buecker, P."]
[Black "Weidemann, J."]
[Result "1-0"]
[WhiteElo "2360"]
[BlackElo "2300"]
[PlyCount "95"]
[EventDate "1989.??.??"]

1. e4 c6 2. d4 d5 3. exd5 cxd5 4. c4 e6 5. Nc3 Nf6 6. c5 b6 7. b4 a5 8. Na4 Ne4
9. Nf3 bxc5 10. bxc5 f6 11. Bd3 Kf7 12. O-O Bb7 13. Ne1 h6 14. f3 Ng5 15. Be3
Qc7 16. Qc2 Nc6 17. h4 Nb4 18. Bg6+ Kg8 19. Qf2 Nf7 20. Nd3 Nc6 21. Bf4 e5 22.
Bg3 Ba6 23. Rfe1 Bxd3 24. Bxd3 Qd8 25. dxe5 fxe5 26. Bb5 Nd4 27. Rab1 Qf6 28.
Kh1 Rc8 29. Bxe5 Nxe5 30. Qxd4 Nc6 31. Qxd5+ Kh7 32. Bd3+ g6 33. Rb7+ Bg7 34.
Qc4 Rhe8 35. Rxe8 Rxe8 36. Be4 Qxh4+ 37. Kg1 Qe1+ 38. Qf1 Qe3+ 39. Kh1 Ne5 40.
c6 Rc8 41. Qb1 Qg5 42. Nb6 Rxc6 43. Bxc6 Qh4+ 44. Kg1 Nxc6 45. Qe4 Qf6 46. Nd5
Qa1+ 47. Kh2 h5 48. Nf4 1-0

[Event "BL 8990 Koblenz-Dortmund"]
[Site "?"]
[Date "1989.??.??"]
[Round "?.8"]
[White "Fritsche, L."]
[Black "Konikowski, J."]
[Result "1/2-1/2"]
[WhiteElo "2285"]
[BlackElo "2380"]
[PlyCount "82"]
[EventDate "1989.??.??"]

1. e4 c5 2. Nc3 e6 3. d3 Nc6 4. g3 g6 5. Bg2 Bg7 6. Be3 d6 7. Qd2 Rb8 8. Nf3 e5
9. O-O Nge7 10. Bh6 O-O 11. Bxg7 Kxg7 12. Nh4 b5 13. f4 f6 14. f5 b4 15. Nd1 d5
16. exd5 Nxd5 17. Be4 Nce7 18. a3 gxf5 19. Nxf5+ Bxf5 20. Bxf5 Nxf5 21. Rxf5
Rf7 22. Qf2 Qb6 23. b3 Qc7 24. Nb2 Nb6 25. axb4 cxb4 26. Rf1 Qd6 27. g4 Rg8 28.
h3 Qe6 29. Qf3 h6 30. Qe4 Qd6 31. R1f2 Rd8 32. h4 Qd4 33. g5 Qxb2 34. Rxf6 Rxf6
35. gxf6+ Kh8 36. f7 Nd7 37. Qg6 Qc1+ 38. Kh2 Qe3 39. Rg2 Qf4+ 40. Kh3 Qf3+ 41.
Kh2 Qf4+ {.../47/} 1/2-1/2

[Event "BL 8990 Porz-Solingen"]
[Site "?"]
[Date "1989.??.??"]
[Round "?.1"]
[White "Spassky, B."]
[Black "Hort, V."]
[Result "1/2-1/2"]
[WhiteElo "2580"]
[BlackElo "2570"]
[PlyCount "50"]
[EventDate "1989.??.??"]

1. d4 d6 2. e4 Nf6 3. Nc3 g6 4. Nf3 Bg7 5. h3 O-O 6. Be3 a6 7. a4 d5 8. e5 Ne4
9. Bd3 Bf5 10. O-O f6 11. exf6 exf6 12. Nh4 Nxc3 13. bxc3 Bxd3 14. cxd3 Nc6 15.
Nf3 Qd7 16. Re1 Qf5 17. Qb3 Rab8 18. Bf4 Na5 19. Qb4 Nc6 20. Qb2 Na5 21. Qa2
Rfe8 22. Rab1 Bf8 23. h4 Rbd8 24. g3 b6 25. Kg2 Nc6 {.../40/} 1/2-1/2

[Event "BL 8990 Porz-Solingen"]
[Site "?"]
[Date "1989.??.??"]
[Round "?.3"]
[White "Lobron, E."]
[Black "Fleck, J."]
[Result "1-0"]
[WhiteElo "2585"]
[BlackElo "2415"]
[PlyCount "57"]
[EventDate "1989.??.??"]

1. c4 g6 2. Nc3 Bg7 3. d4 Nf6 4. e4 d6 5. Nf3 O-O 6. Be2 e5 7. O-O Nc6 8. d5
Ne7 9. Nd2 a5 10. a3 Nd7 11. Rb1 f5 12. b4 Kh8 13. f3 f4 14. c5 dxc5 15. bxc5
Nxc5 16. a4 Rf7 17. Nc4 Ng8 18. Ba3 Nd7 19. Nb5 b6 20. d6 c6 21. Nc7 Rb8 22.
Qb3 Rf6 23. Rfd1 Nh6 24. Nxa5 bxa5 25. Qxb8 Nxb8 26. Rxb8 Rf8 27. d7 Qxc7 28.
Bxf8 Qa7+ 29. Bc5 1-0